Usos y costumbres de los judíos en los tiempos de Cristo

-д хадгалсан:
Номзүйн дэлгэрэнгүй
Үндсэн зохиолч: Edersheim, Alfred (Зохиогч)
Формат: Ном
Хэл сонгох:испани
Хэвлэсэн: Barcelona Clie 2000
Хэвлэл:1a. ed
Нөхцлүүд:
Шошгууд: Шошго нэмэх
Шошго байхгүй, Энэхүү баримтыг шошголох эхний хүн болох!

MARC

LEADER 00000cam a2200000 a 4500
001 UCD1104
003 CL-VaPUC
008 160107e20000000sp |||||||||||||||||spa|d
020 |a 9788476453865 
082 0 4 |a 296  |b EDE  |2 21 
100 0 |a Edersheim, Alfred  |e author  |9 584204 
245 1 0 |a Usos y costumbres de los judíos en los tiempos de Cristo 
250 |a 1a. ed 
300 |a 336 p 
942 |c BK 
945 |d 20160107 17:53:00  |a dcastane 
260 |a Barcelona  |b Clie  |c 2000 
650 0 |a Judaísmo  |9 269348 
650 0 |a Creencias religiosas   |9 373391 
650 0 |a Historia religiosa  |9 314583 
583 |a last modification  |c 20160107 17:53:00  |k Rodrigo Vera 
999 |c 362529  |d 362527 
952 |0 0  |1 0  |3 erb  |4 0  |6 296_000000000000000_EDE_2000  |7 0  |8 A  |9 473825  |a BIBTEO  |b BIBTEO  |i 526040K  |o 296 EDE 2000  |p 526040K  |r 2025-01-17  |w 2019-11-24  |y BK  |z Catalogado en:20160107  |k ICR